Security and Human Rights

Saved in:
Bibliographic Details
Format: Serial
Language:English
Published: Leiden Brill/Nijhoff
Tags: Add Tag
No Tags, Be the first to tag this record!

MARC

LEADER 00000nas1a2200000 4500
001 0297721
005 20250701092136.0
022 |a 1874-7337 
022 |a 1875-0230 
041 0 |a eng 
044 |a NL 
245 1 0 |a Security and Human Rights 
264 1 |a Leiden  |b Brill/Nijhoff